[Event "Johannesburg Sandton op"]
[Site "Johannesburg"]
[Date "2018.05.20"]
[Round "8"]
[White "Khumalo, Keith"]
[Black "Tenzer, Daniel"]
[Result "1-0"]
[WhiteElo "1845"]
[BlackElo "1600"]
[PlyCount "137"]
[EventDate "2018.05.19"]
[EventType "swiss"]
[EventRounds "10"]
[EventCountry "RSA"]
[SourceTitle "CBM 184 Extra"]
[Source "ChessBase"]
[SourceDate "2018.06.28"]
[SourceVersion "1"]
[SourceVersionDate "2018.06.28"]
[SourceQuality "1"]

1. e4 d5 2. exd5 Nf6 3. d4 Nxd5 4. Nf3 g6 5. Be2 Bg4 6. 0-0 Bg7 7. h3 Bxf3 8. Bxf3 Nc6 9. c4 Nb6 10. d5 Ne5 11. Na3 Nxf3+ 12. Qxf3 0-0 13. Rd1 a6 14. Rb1 Qd6 15. Be3 Qf6 16. Qe4 Qe5 17. Qg4 h5 18. Qf3 Qf6 19. Qg3 Rac8 20. Bd4 Qf5 21. Bxg7 Kxg7 22. Rd3 c6 23. Rf3 Qd7 24. Rb3 Na4 25. Rd1 Nc5 26. Re3 cxd5 27. Qe5+ f6 28. Qxe7+ Qxe7 29. Rxe7+ Rf7 30. Rxf7+ Kxf7 31. cxd5 Nd7 32. b3 b5 33. Rd2 Rd8 34. Nc2 Nb6 35. Ne3 Ke7 36. f4 Kd6 37. Kf2 Rc8 38. g4 hxg4 39. Nxg4 f5 40. Ne5 Rg8 41. Nf7+ Ke7 42. Ne5 Kd6 43. Rc2 Rc8 44. Rxc8 Nxc8 45. Nxg6 Kxd5 46. Ke3 a5 47. h4 Nd6 48. h5 Nf7 49. Ne7+ Ke6 50. Nc6 a4 51. Nd4+ Kf6 52. Nxb5 axb3 53. axb3 Kg7 54. Nd4 Nd6 55. b4 Kh6 56. Ne6 Kxh5 57. Kd4 Kg6 58. Ke5 Nc4+ 59. Kd5 Nb6+ 60. Kc6 Nc4 61. b5 Kf6 62. Nc5 Ke7 63. b6 Nxb6 64. Kxb6 Kd6 65. Nd3 Kd5 66. Kc7 Ke4 67. Kd6 Kd4 68. Nc5 Ke3 69. Ke5 1-0